[Event "OP-2022-0-05266"]
[Site "LSS email"]
[Date "2022.03.05"]
[Round "?"]
[White "Gronbech, Torsten"]
[Black "Micu, Sorin"]
[Result "0-1"]
[WhiteElo "1042"]
[BlackElo "1243"]
[PlyCount "32"]
[EventDate "2022.03.05"]
[EventType "tourn (corr)"]
[EventRounds "4"]
[EventCountry "GER"]
[SourceTitle "Corr 2024"]
[Source "ChessBase"]
[SourceDate "2023.10.19"]
[SourceVersion "1"]
[SourceVersionDate "2023.10.19"]
[SourceQuality "1"]

1. d4 Nf6 2. Nc3 d5 3. Nf3 Bf5 4. e3 e6 5. Bb5+ Nbd7 6. Ne5 c6 7. Ba4 Bd6 8. 0-0 Nxe5 9. dxe5 Bxe5 10. g3 Qa5 11. Bd2 Bxc3 12. Bxc3 Qxa4 13. f4 Qe4 14. h3 Bxh3 15. Qf3 Bxf1 16. Rxf1 Qxc2 0-1

[Event "SE-2021-0-00022"]
[Site "LSS email"]
[Date "2021.11.28"]
[Round "?"]
[White "Obrien, Glenn"]
[Black "Micu, Sorin"]
[Result "1-0"]
[WhiteElo "1291"]
[BlackElo "1254"]
[PlyCount "57"]
[EventDate "2021.02.28"]
[EventType "tourn (corr)"]
[EventRounds "6"]
[EventCountry "GER"]
[SourceTitle "Corr 2024"]
[Source "ChessBase"]
[SourceDate "2023.10.19"]
[SourceVersion "1"]
[SourceVersionDate "2023.10.19"]
[SourceQuality "1"]

1. e4 c6 2. d4 d5 3. Nc3 dxe4 4. Nxe4 Nd7 5. Nf3 Ngf6 6. Nxf6+ Nxf6 7. Bd3 Bg4 8. c3 e6 9. h3 Bh5 10. 0-0 Bd6 11. Re1 Qc7 12. Bg5 0-0-0 13. Qe2 h6 14. Bd2 Nd5 15. g4 Bg6 16. Bxg6 fxg6 17. Qxe6+ Kb8 18. Qxg6 Bf4 19. h4 Bxd2 20. Nxd2 Nf4 21. Qe4 Nh3+ 22. Kf1 Rhf8 23. f3 Ka8 24. Qe5 Qf7 25. Qe7 Qf4 26. Re2 g5 27. hxg5 Nxg5 28. Re3 Qxg4 29. Qxd8+ 1-0

[Event "IECC CL0-2019.00 email"]
[Site "IECC email"]
[Date "2019.06.06"]
[Round "?"]
[White "Chura, Michal"]
[Black "Micu, Sorin"]
[Result "1-0"]
[WhiteElo "1170"]
[BlackElo "1282"]
[PlyCount "95"]
[EventDate "2019.04.12"]
[EventType "tourn (corr)"]
[EventRounds "4"]
[SourceTitle "Corr 2022"]
[Source "ChessBase"]
[SourceDate "2021.10.24"]
[SourceVersion "1"]
[SourceVersionDate "2021.10.24"]
[SourceQuality "1"]

1. f4 d5 2. Nf3 Nf6 3. e3 Nc6 4. Bb5 Bd7 5. 0-0 e6 6. b3 g6 7. Bb2 Bg7 8. Bxc6 Bxc6 9. Ne5 Bb5 10. d3 Nd7 11. Nd2 0-0 12. Nxd7 Bxd7 13. Bxg7 Kxg7 14. e4 dxe4 15. dxe4 Bc6 16. Qe2 Qd4+ 17. Kh1 Rad8 18. Rad1 Qc5 19. Nc4 Bb5 20. f5 Bxc4 21. f6+ Kg8 22. bxc4 Rd4 23. h3 Qxc4 24. Qe3 Rxd1 25. Rxd1 Kh8 26. Qh6 Rg8 27. Rd8 Qf1+ 28. Kh2 Qxf6 29. Rd7 Rc8 30. Qe3 b6 31. e5 Qf5 32. Kg1 Kg8 33. c3 Qb1+ 34. Kh2 Qb5 35. Rd2 c5 36. h4 c4 37. h5 Qc5 38. Qf4 Qe7 39. h6 b5 40. Rd7 Qf8 41. Rxa7 b4 42. cxb4 c3 43. a3 c2 44. Qc1 Qd8 45. Qf4 Rc7 46. Qf6 Qf8 47. Ra8 c1Q 48. Qg7# 1-0

[Event "RF-2019-0-00466"]
[Site "LSS email"]
[Date "2019.02.28"]
[Round "?"]
[White "Shim Ng Min, Francis"]
[Black "Micu, Sorin"]
[Result "0-1"]
[WhiteElo "1280"]
[BlackElo "1268"]
[PlyCount "32"]
[EventDate "2019.01.28"]
[EventType "tourn (corr)"]
[EventRounds "6"]
[EventCountry "GER"]
[SourceTitle "Corr 2022"]
[Source "ChessBase"]
[SourceDate "2021.10.24"]
[SourceVersion "1"]
[SourceVersionDate "2021.10.24"]
[SourceQuality "1"]

1. e4 e5 2. Nf3 Nf6 3. Nxe5 d6 4. Nf3 Nxe4 5. d4 d5 6. Bd3 Nc6 7. 0-0 Be7 8. c4 Nb4 9. cxd5 Nxd3 10. Qxd3 Qxd5 11. Nc3 Nxc3 12. bxc3 0-0 13. c4 Qf5 14. Qxf5 Bxf5 15. Be3 Bd3 16. Rfc1 Ba3 0-1

[Event "SE-2018-0-00287"]
[Site "LSS email"]
[Date "2018.12.11"]
[Round "?"]
[White "Obrien, Glenn"]
[Black "Micu, Sorin"]
[Result "1-0"]
[WhiteElo "1357"]
[BlackElo "1240"]
[PlyCount "43"]
[EventDate "2018.09.12"]
[EventType "tourn (corr)"]
[EventRounds "6"]
[EventCountry "GER"]
[SourceTitle "Corr 2022"]
[Source "ChessBase"]
[SourceDate "2021.10.24"]
[SourceVersion "1"]
[SourceVersionDate "2021.10.24"]
[SourceQuality "1"]

1. e4 e5 2. Nf3 Nf6 3. Nxe5 d6 4. Nf3 Nxe4 5. d4 d5 6. Bd3 Nc6 7. 0-0 Be7 8. c4 Nb4 9. Be2 0-0 10. Nc3 Bf5 11. a3 Nxc3 12. bxc3 Nc6 13. Re1 Re8 14. cxd5 Qxd5 15. Bf4 Rac8 16. Bd3 Bxd3 17. Qxd3 Na5 18. Re5 Qc4 19. Qe3 Kf8 20. Rxa5 f6 21. Nd2 Qf7 22. Qf3 1-0

[Event "SE-2018-0-00287"]
[Site "LSS email"]
[Date "2018.12.09"]
[Round "?"]
[White "Lukin, Andrey"]
[Black "Micu, Sorin"]
[Result "1-0"]
[WhiteElo "1401"]
[BlackElo "1240"]
[PlyCount "85"]
[EventDate "2018.09.12"]
[EventType "tourn (corr)"]
[EventRounds "6"]
[EventCountry "GER"]
[SourceTitle "Corr 2022"]
[Source "ChessBase"]
[SourceDate "2021.10.24"]
[SourceVersion "1"]
[SourceVersionDate "2021.10.24"]
[SourceQuality "1"]

1. e4 c6 2. d4 d5 3. Nc3 dxe4 4. Nxe4 Bf5 5. Ng3 Bg6 6. h4 h6 7. h5 Bh7 8. Nf3 Nf6 9. Bd3 Bxd3 10. Qxd3 Nbd7 11. Bf4 e6 12. 0-0-0 Be7 13. Kb1 Qb6 14. Rhe1 Nd5 15. Bd2 c5 16. c4 Nb4 17. Bxb4 Qxb4 18. d5 0-0-0 19. Nf5 Bf6 20. Nd6+ Kb8 21. Qb3 Qxb3 22. axb3 Rhf8 23. Nxf7 Rxf7 24. dxe6 Re7 25. Rxd7 Rdxd7 26. exd7 Rxe1+ 27. Nxe1 Kc7 28. Nd3 Kxd7 29. Nxc5+ Kc6 30. Ne4 Bd4 31. b4 Bb6 32. b5+ Kd7 33. b4 Ke6 34. f3 Bc7 35. Kc2 Be5 36. Kd3 Kf5 37. Ke3 Ke6 38. Nc5+ Kf5 39. g4+ Kf6 40. Nd7+ Ke6 41. Nxe5 Kxe5 42. f4+ Ke6 43. Ke4 1-0

[Event "LSS No Engine Cup 180 Preliminary 0"]
[Site "LSS email"]
[Date "2018.07.08"]
[Round "?"]
[White "Micu, Sorin"]
[Black "Pech, Jaroslav Sr"]
[Result "0-1"]
[WhiteElo "1594"]
[BlackElo "1313"]
[PlyCount "50"]
[EventDate "2018.07.09"]
[EventType "tourn (corr)"]
[EventRounds "6"]
[EventCountry "GER"]
[SourceTitle "Corr 2022"]
[Source "ChessBase"]
[SourceDate "2021.10.24"]
[SourceVersion "1"]
[SourceVersionDate "2021.10.24"]
[SourceQuality "1"]

1. d4 d5 2. c4 c6 3. Nc3 Nf6 4. Nf3 e6 5. Bg5 h6 6. Bh4 dxc4 7. e4 g5 8. Bg3 b5 9. a4 b4 10. Na2 Nxe4 11. Bxc4 Nxg3 12. fxg3 a5 13. 0-0 Bg7 14. Nc1 g4 15. Ne5 Bxe5 16. dxe5 Qxd1 17. Rxd1 Nd7 18. Nd3 Ke7 19. Rac1 Rg8 20. Ba2 Ba6 21. Rxc6 Bxd3 22. Rc7 Rgc8 23. Rxc8 Rxc8 24. Rxd3 Rc2 25. Bc4 Rxc4 0-1

[Event "LSS No Engine Cup 180 Preliminary 0"]
[Site "LSS email"]
[Date "2018.07.08"]
[Round "?"]
[White "Wakeham, Marc R"]
[Black "Micu, Sorin"]
[Result "0-1"]
[WhiteElo "1062"]
[BlackElo "1594"]
[PlyCount "66"]
[EventDate "2018.07.09"]
[EventType "tourn (corr)"]
[EventRounds "6"]
[EventCountry "GER"]
[SourceTitle "Corr 2022"]
[Source "ChessBase"]
[SourceDate "2021.10.24"]
[SourceVersion "1"]
[SourceVersionDate "2021.10.24"]
[SourceQuality "1"]

1. e4 e5 2. Nf3 Nc6 3. d4 exd4 4. Bc4 d6 5. Ng5 Ne5 6. Bb3 Be7 7. Nxf7 Nxf7 8. Qf3 Nf6 9. 0-0 Ne5 10. Qe2 Bg4 11. Qb5+ c6 12. Qxb7 Qb8 13. Qxb8+ Rxb8 14. f4 Ned7 15. c3 d3 16. Nd2 Nc5 17. Bd1 Bxd1 18. Rxd1 0-0 19. b4 Ncxe4 20. Nf3 Nxc3 21. Rd2 Rxb4 22. Rxd3 Ne2+ 23. Kf1 Nxf4 24. Rd2 Rfb8 25. Ba3 Rb1+ 26. Rd1 Rxa1 27. Rxa1 Kf7 28. Ng5+ Ke8 29. Re1 Kd7 30. g3 Nd3 31. Rd1 Ne5 32. Kg2 h6 33. Nf3 Nxf3 0-1

[Event "IECC CL0-2018.00 email"]
[Site "IECC email"]
[Date "2018.06.26"]
[Round "?"]
[White "Micu, Sorin"]
[Black "Verich, Oleg"]
[Result "1-0"]
[WhiteElo "1232"]
[BlackElo "1210"]
[PlyCount "67"]
[EventDate "2018.06.03"]
[EventType "tourn (corr)"]
[EventRounds "4"]
[SourceTitle "Corr 2022"]
[Source "ChessBase"]
[SourceDate "2021.10.24"]
[SourceVersion "1"]
[SourceVersionDate "2021.10.24"]
[SourceQuality "1"]

1. Nf3 d5 2. d4 Nf6 3. c4 dxc4 4. Nc3 e6 5. e3 Bb4 6. Qa4+ Nc6 7. Ne5 Bxc3+ 8. bxc3 Bd7 9. Nxd7 Qxd7 10. Bxc4 a6 11. 0-0 0-0 12. Bd3 b5 13. Qc2 h6 14. e4 Ne7 15. a4 c6 16. h3 Rfd8 17. f4 c5 18. axb5 axb5 19. Rxa8 Rxa8 20. dxc5 Qc6 21. Be3 Nd7 22. Rb1 Nxc5 23. Rxb5 Ra1+ 24. Kh2 Nxd3 25. Qxd3 Ng6 26. Rb8+ Kh7 27. Qd8 Nh4 28. Qxh4 Qxe4 29. Qg3 Qd3 30. Bd4 Qg6 31. Rb5 f6 32. Qf3 Qc2 33. Bxf6 gxf6 34. Rb7+ 1-0

[Event "IECC CL0-2018.00 email"]
[Site "IECC email"]
[Date "2018.06.23"]
[Round "?"]
[White "Micu, Sorin"]
[Black "Raines, David T"]
[Result "1/2-1/2"]
[WhiteElo "1232"]
[BlackElo "1195"]
[PlyCount "43"]
[EventDate "2018.06.03"]
[EventType "tourn (corr)"]
[EventRounds "4"]
[SourceTitle "Corr 2022"]
[Source "ChessBase"]
[SourceDate "2021.10.24"]
[SourceVersion "1"]
[SourceVersionDate "2021.10.24"]
[SourceQuality "1"]

1. d4 Nf6 2. c4 e6 3. Nf3 b6 4. Bf4 Bb7 5. e3 Be7 6. h3 0-0 7. Nc3 c6 8. Bd3 d5 9. cxd5 exd5 10. 0-0 Nbd7 11. Rc1 a6 12. Ne5 c5 13. b3 Rc8 14. Qe2 b5 15. a4 c4 16. bxc4 dxc4 17. Bf5 g6 18. Nxd7 Nxd7 19. Qg4 Nf6 20. Qg3 Nh5 21. Qg4 Nf6 22. Qg3 1/2-1/2

[Event "IECC CL0-2018.00 email"]
[Site "IECC email"]
[Date "2018.06.23"]
[Round "?"]
[White "Shim Ng Min, Francis"]
[Black "Micu, Sorin"]
[Result "0-1"]
[WhiteElo "1169"]
[BlackElo "1232"]
[PlyCount "58"]
[EventDate "2018.06.03"]
[EventType "tourn (corr)"]
[EventRounds "4"]
[SourceTitle "Corr 2022"]
[Source "ChessBase"]
[SourceDate "2021.10.24"]
[SourceVersion "1"]
[SourceVersionDate "2021.10.24"]
[SourceQuality "1"]

1. e4 c6 2. Nc3 d5 3. Nf3 Bg4 4. h3 Bh5 5. exd5 cxd5 6. Bb5+ Nc6 7. g4 Bg6 8. Ne5 Rc8 9. d4 e6 10. h4 Bb4 11. h5 Be4 12. f3 Nge7 13. fxe4 dxe4 14. Bd2 0-0 15. Nxc6 bxc6 16. Ba4 Qxd4 17. Bb3 e3 18. Qe2 exd2+ 19. Qxd2 Rcd8 20. 0-0-0 Qxd2+ 21. Rxd2 Rxd2 22. Kxd2 Rd8+ 23. Ke3 Bxc3 24. bxc3 Nd5+ 25. Bxd5 Rxd5 26. Rb1 Kf8 27. c4 Ra5 28. Rb2 Ke7 29. Kf3 Kf6 0-1

[Event "CP-2016-P-00046"]
[Site "LSS email"]
[Date "2016.09.27"]
[Round "?"]
[White "Micu, Sorin"]
[Black "Kurowski, Andrzej"]
[Result "0-1"]
[WhiteElo "1273"]
[BlackElo "2107"]
[PlyCount "38"]
[EventDate "2016.10.01"]
[EventType "tourn (corr)"]
[EventRounds "6"]
[EventCountry "GER"]
[SourceTitle "Corr 2022"]
[Source "ChessBase"]
[SourceDate "2021.10.24"]
[SourceVersion "1"]
[SourceVersionDate "2021.10.24"]
[SourceQuality "1"]

1. d4 f5 2. g3 Nf6 3. Bg2 g6 4. c4 Bg7 5. Nf3 0-0 6. Nc3 d6 7. 0-0 Qe8 8. b3 e5 9. Bb2 e4 10. Nd2 e3 11. Nf3 Ng4 12. Nd5 exf2+ 13. Kh1 Na6 14. Qd3 c6 15. h3 cxd5 16. hxg4 fxg4 17. Nd2 Nb4 18. Qc3 g5 19. Qxb4 Qh5+ 0-1

[Event "IECC CL0-2016.00 email"]
[Site "IECC email"]
[Date "2016.08.09"]
[Round "?"]
[White "Salata, Pavol"]
[Black "Micu, Sorin"]
[Result "1-0"]
[WhiteElo "1397"]
[BlackElo "1288"]
[PlyCount "81"]
[EventDate "2016.07.17"]
[EventType "tourn (corr)"]
[EventRounds "4"]
[SourceTitle "Corr 2022"]
[Source "ChessBase"]
[SourceDate "2021.10.24"]
[SourceVersion "1"]
[SourceVersionDate "2021.10.24"]
[SourceQuality "1"]

1. e4 c6 2. d4 d5 3. Nc3 dxe4 4. Nxe4 Bf5 5. Ng3 Bg6 6. Nf3 Nd7 7. c4 e6 8. Be2 Bb4+ 9. Bd2 Bxd2+ 10. Qxd2 Ngf6 11. 0-0 0-0 12. Rad1 Re8 13. a3 a5 14. a4 Qb6 15. Rfe1 Qb3 16. Ra1 Ra6 17. c5 Nd5 18. Bxa6 bxa6 19. Qxa5 Nb4 20. Nd2 Qxb2 21. Nc4 Qb3 22. Nd6 Rb8 23. Qc7 Nc2 24. Qxd7 Nxa1 25. Rxa1 h6 26. h4 Qb2 27. Re1 Qd2 28. Rf1 Qxd4 29. Qxc6 Bd3 30. Rd1 Qc3 31. Qc7 Rf8 32. Qd7 Qc2 33. Rxd3 Qxd3 34. c6 Qd1+ 35. Kh2 Qxa4 36. Nge4 f5 37. Qxe6+ Kh8 38. Nxf5 Qa5 39. Ned6 Rf6 40. Qc4 Qc7 41. g3 1-0

[Event "LSS No Engine Cup 144 Preliminary 0"]
[Site "LSS email"]
[Date "2015.12.08"]
[Round "?"]
[White "Bearce, Harold L"]
[Black "Micu, Sorin"]
[Result "0-1"]
[WhiteElo "1017"]
[BlackElo "1591"]
[PlyCount "34"]
[EventDate "2015.12.09"]
[EventType "tourn (corr)"]
[EventRounds "6"]
[EventCountry "GER"]
[SourceTitle "Corr 2022"]
[Source "ChessBase"]
[SourceDate "2021.10.24"]
[SourceVersion "1"]
[SourceVersionDate "2021.10.24"]
[SourceQuality "1"]

1. e4 e5 2. Nf3 Nc6 3. Bc4 Bc5 4. c3 Nf6 5. d3 d6 6. a3 a6 7. 0-0 0-0 8. Qe2 Bg4 9. Be3 Bxe3 10. Qxe3 Re8 11. Nbd2 d5 12. exd5 Nxd5 13. Bxd5 Qxd5 14. d4 exd4 15. Qd3 Bf5 16. Qc4 Qxc4 17. Nxc4 Bd3 0-1

[Event "LSS No Engine Cup 144 Preliminary 0"]
[Site "LSS email"]
[Date "2015.12.08"]
[Round "?"]
[White "Glowinski, Daniel"]
[Black "Micu, Sorin"]
[Result "1-0"]
[WhiteElo "1920"]
[BlackElo "1591"]
[PlyCount "67"]
[EventDate "2015.12.09"]
[EventType "tourn (corr)"]
[EventRounds "6"]
[EventCountry "GER"]
[SourceTitle "Corr 2022"]
[Source "ChessBase"]
[SourceDate "2021.10.24"]
[SourceVersion "1"]
[SourceVersionDate "2021.10.24"]
[SourceQuality "1"]

1. e4 c6 2. d4 d5 3. Nc3 dxe4 4. Nxe4 Bf5 5. Ng3 Bg6 6. Nf3 Nd7 7. Bd3 Bxd3 8. Qxd3 e6 9. 0-0 Qc7 10. Ng5 Ndf6 11. Bd2 h6 12. Nf3 Bd6 13. c4 0-0-0 14. a4 a5 15. Rac1 Ne7 16. Rfe1 Ng6 17. Ne4 Nxe4 18. Qxe4 Rhe8 19. g3 e5 20. d5 Bc5 21. Bc3 Bd6 22. Rcd1 Nh8 23. Qg4+ Qd7 24. Qxg7 e4 25. Nh4 Rg8 26. Qxh6 Ng6 27. Rxe4 Qh3 28. Bxa5 Rh8 29. Qg5 Rdg8 30. Qf5+ Qxf5 31. Nxf5 Bc5 32. dxc6 bxc6 33. b4 Ba7 34. Rd6 1-0

[Event "BI-2015-P-0000"]
[Site "LSS email"]
[Date "2015.04.16"]
[Round "?"]
[White "Micu, Sorin"]
[Black "Koronowski, Heinz Juergen"]
[Result "0-1"]
[WhiteElo "1329"]
[BlackElo "2025"]
[PlyCount "36"]
[EventDate "2015.04.22"]
[EventType "tourn (corr)"]
[EventRounds "10"]
[EventCountry "GER"]
[SourceTitle "Corr 2022"]
[Source "ChessBase"]
[SourceDate "2021.10.24"]
[SourceVersion "1"]
[SourceVersionDate "2021.10.24"]
[SourceQuality "1"]

1. d4 Nf6 2. c4 g6 3. Nc3 d5 4. Nf3 Bg7 5. Bf4 0-0 6. e3 c5 7. dxc5 Ne4 8. Nxd5 Na6 9. Qc2 Bf5 10. Nd4 Qa5+ 11. Nc3 Nb4 12. Qb3 Nxc5 13. Qa3 Qxa3 14. bxa3 Nc2+ 15. Nxc2 Bxc3+ 16. Kd1 Bxc2+ 17. Kxc2 Bxa1 18. Be2 Bf6 0-1

[Event "BI-2015-P-0000"]
[Site "LSS email"]
[Date "2015.04.16"]
[Round "?"]
[White "Mostowik, Pawel"]
[Black "Micu, Sorin"]
[Result "1-0"]
[WhiteElo "1843"]
[BlackElo "1329"]
[PlyCount "43"]
[EventDate "2015.04.22"]
[EventType "tourn (corr)"]
[EventRounds "10"]
[EventCountry "GER"]
[SourceTitle "Corr 2022"]
[Source "ChessBase"]
[SourceDate "2021.10.24"]
[SourceVersion "1"]
[SourceVersionDate "2021.10.24"]
[SourceQuality "1"]

1. e4 c6 2. Nf3 d5 3. Nc3 Bg4 4. h3 Bh5 5. exd5 cxd5 6. d4 Nc6 7. Bb5 e6 8. g4 Bg6 9. h4 f6 10. Qe2 Bf7 11. h5 Bb4 12. g5 Qb6 13. Bd2 a6 14. Nxd5 Bxd2+ 15. Kxd2 Qd8 16. Bxc6+ bxc6 17. Nf4 Qa5+ 18. c3 Qf5 19. Nd3 Ne7 20. Rag1 Nd5 21. Nh4 Bxh5 22. Qxh5+ 1-0